banner-ar

Reproductive health nursing ( theory ) / (Record no. 60688)

MARC details
000 -الفاتح
حقل البيانات ثابتة الطول 00897cam a2200265 a 4500
005 - وقت وتاريخ اخر تعامل مع التسجيلة
رقم الضبط 20240530110423.0
008 - عناصر البيانات ثابتة الطول - معلومات عامة
حقل البيانات ثابتة الطول 980924s2010 jo ad f b 000 0 eng
040 ## - مصدر الفهرسة
وكالة الفهرسة الأصلية EG-CaGPL
وكالة النسخ EG-CaGPL
082 04 - رقم تصنيف ديوى العشرى
رقم الطبعة 21
رقم التصنيف 610.73\
رقم المادة M R
100 0# - المدخل الرئيسى - إسم شخصى
الإسم الشخصى Mary Zaid Haddad
245 10 - بيان العنوان
العنوان Reproductive health nursing ( theory ) /
بيان المسئوليه,etc prepared by Mary Zaid Haddad , Nawzat F . Abu Alrub
250 ## - بيان الطبعة
بيان الطبعة ed. 1
260 ## - PUBLICATION, DISTRIBUTION, ETC. (IMPRINT)
تاريخ النشر أو التوزيع 2010
300 ## - الوصف المادى
التعداد 299 p. :
تفاصيل ماديه اخرى للوعاء ill. :
أبعاد الوعاء 24 cm.
504 ## - تبصرة ببليوجرافية
تبصرة ببليوجرافية,الخ Includes bibliographical references.
650 #0 - المدخل الاضافى بالموضوع-مصطلح موضوعى
مصطلح موضوعي Reproductive health
التقسيم الفرعي الجغرافي Zambia
التقسيم الفرعي العام Planning.
650 #0 - المدخل الاضافى بالموضوع-مصطلح موضوعى
مصطلح موضوعي Nursing
650 #0 - المدخل الاضافى بالموضوع-مصطلح موضوعى
مصطلح موضوعي Reproductive health
700 0# - المدخل الاضافى - اسم شخصى
الإسم الشخصى Nawzat F . Abu Alrub
942 ## - عناصر المدخل الإضافي( كوها)
مصدر التصنيف او مخطط الترفيف Dewey Decimal Classification
Koha [default] item type كتاب
260 ## - PUBLICATION, DISTRIBUTION, ETC. (IMPRINT)
-- AMMAN :
-- Dar AL Essar ,
Holdings
حالة التراجع حالة الفقد مصدر التصنيف او خطة الترفيف حالة تلف ليس للاعارة المكان المؤقت الموقع الحالى تاريخ الاكتساب اجمالي اﻻعارات رقم الطلب الباركود تاريخ اخر مشاهدة تاريخ تفعيل السعر نوع وعاء كوها
    ddc     مكتبة القاهرة الكبرى مكتبة القاهرة الكبرى 03/14/2015   610.73\ M R 159789 03/14/2015 03/14/2015 كتاب

Powered By

EGPV